The electrical educator; (Record no. 545331)
[ view plain ]
| 000 -LEADER | |
|---|---|
| fixed length control field | 00703cam a22001571 4500 |
| 082 #0 - DEWEY DECIMAL CLASSIFICATION NUMBER | |
| Classification number | 621.3 |
| Author Mark | ELE |
| -- | L-tech, P-55 |
| 100 1# - MAIN ENTRY--PERSONAL NAME | |
| Personal name | Fleming, J. A. |
| 9 (RLIN) | 41143 |
| 245 14 - TITLE STATEMENT | |
| Title | The electrical educator; |
| Remainder of title | a comprehensive, practical and authoritative guide for all engaged in the electrical industry, |
| Statement of responsibility, etc. | edited by Sir Ambrose Fleming ... assisted by a large number of specialist contributors ... |
| 250 ## - EDITION STATEMENT | |
| Edition statement | 2d. ed. |
| 260 ## - PUBLICATION, DISTRIBUTION, ETC. | |
| Place of publication, distribution, etc. | London, |
| -- | New York [etc.] |
| Name of publisher, distributor, etc. | Sir I. Pitman & sons, ltd., |
| Date of publication, distribution, etc. | 1931-1932. |
| 300 ## - PHYSICAL DESCRIPTION | |
| Extent | 3 v. |
| Other physical details | front., illus., plates (part fold.) ports., diagrs. |
| Dimensions | 25 cm. |
| 500 ## - GENERAL NOTE | |
| General note | Paged continuously. |
| 526 ## - STUDY PROGRAM INFORMATION NOTE | |
| Program name | 0 |
| Interest level | 0 |
| Reading level | 0 |
| Title point value | 621_300000000000000_ELE |
| 650 #0 - SUBJECT ADDED ENTRY--TOPICAL TERM | |
| Topical term or geographic name entry element | Electrical engineering. |
| 942 ## - ADDED ENTRY ELEMENTS (KOHA) | |
| Source of classification or shelving scheme | |
| Koha item type | Book |
| Withdrawn status | Lost status | Source of classification or shelving scheme | Damaged status | Not for loan | Permanent Location | Current Location | Date acquired | Total Checkouts | Full call number | Barcode | Date last seen | Price effective from | Koha item type |
|---|---|---|---|---|---|---|---|---|---|---|---|---|---|
| Military College of Engineering (MCE) | Military College of Engineering (MCE) | 05/21/2014 | 621.3 ELE | MCE-40143 | 05/21/2014 | 05/21/2014 | Book |
